Capitals of English Counties - Statistics

General Stats
  • This quiz has been taken 487 times
  • The average score is 29 of 46
Answer Stats
County Capital Name % Correct
City of London London
93%
Greater London London
93%
Bristol Bristol
92%
Cambridgeshire Cambridge
91%
Bedfordshire Bedford
87%
Oxfordshire Oxford
87%
Leicesterhsire Leicester
87%
Greater Manchester Manchester
87%
Derbyshire Derby
86%
Lincolnshire Lincoln
86%
Merseyside Liverpool
86%
Nottinghamshire Nottingham
84%
Northamptonshire Northampton
82%
County Durham Durham
81%
Tyne and Wear Newcastle
80%
Worcestershire Worcester
80%
Warwickshire Warwick
77%
Herefordshire Hereford
76%
Staffordshire Stafford
75%
West Midlands Birmingham
74%
Cheshire Chester
73%
Norfolk Norwich
73%
North Yorkshire York
73%
Lancashire Lancaster
72%
Hertfordshire Hertford
71%
West Yorkshire Leeds
68%
Devon Exeter
67%
Berkshire Reading
62%
South Yorkshire Sheffield
60%
East Yorkshire Hull
59%
Cornwall Truro
59%
Cumbria Carlisle
57%
Shropshire Shrewsbury
44%
Hampshire Bournemouth
40%
Essex Chelmsford
36%
Dorset Dorchester
36%
Kent Maidstone
36%
Somerset Taunton
34%
Buckinghamshire Aylesbury
32%
Isle of Wight Newport
32%
East Sussex Chichester
29%
West Sussex Chichester
29%
Rutland Oakham
28%
Northumberland Morpeth
20%
Wiltshire Trowbridge
20%
Surrey Kingston upon Thames
11%
No matching quizzes found
Score Distribution
Percent of People with Each Score
Percentile by Number Answered
Your Score History
You have not taken this quiz